000 01143cam a2200373 i 4500
001 0000480
003 DO-SdBNP
005 20171113100731.0
007 0000480
008 100514s 2009 mx | |||| 000 f spa
015 _a
017 _a
_b
020 _a9786071101167
035 _a
040 _aBPMSU
_bspa
_cBPMSU
_e
080 _a
082 4 _a813.54
_bO11hi, 2009
100 1 _aOates, Joyce Carol,
_d1938-
240 1 4 _aThe gravedigger's daugther. /
_lEspañol
245 1 3 _aLa hija del sepulturero /
_cJoyce Carol Oates ; traducción José Luis López Muñoz
250 _a
260 _aMéxico :
_bAlfaguara,
_c2008
300 _a682 p.:
_c26 cm
490 1 _a Punto de lectura
_v 298/2
500 _aIncluye datos biográficos del autor en la solapa de la cubierta
500 _aTítulo original en inglés: The gravedigger's daugther.
650 4 _aNOVELA ESTADOUNIDENSE
650 4 _aLITERATURA ESTADOUNIDENSE
700 1 2 _aLópez Muñoz, José Luis,
_etr.
830 0 _a
_n
942 _2ddc
_cBK
945 _aInventariado extranjero / 2017 VM
956 _aVMATEO
_810
_c20160712
_2BPMSU
_300069
999 _c10828
_d10828